Dôsledne a cieľavedome uplatňovať kritiku

Bibliographic Details
Format: Book
Language:Slovak
PhysicalDescription:29 strán 21 cm
Published: Bratislava Oddelenie propagandy a agitácie Ústredného výboru Komunistickej strany Slovenska 1957
Series:Fakty argumenty
Subjects:

MARC

LEADER 00000nam a2200000 4500
001 vtls011977048
003 SK-MaSNL
005 20260311145253.0
008 250312s1957 xo grf 000 0 slo
015 |a SNBA1957 
020 |q (brožované) 
035 |a urn:nbn:sk:snk-am00ektz 
035 |a urn:nbn:sk:snk-am3iip3 
035 |a 79029377-1643-4930-8A04-15758DC354FB 
040 |a SNK  |b slo  |c SNK  |e rda 
041 0 |a slo 
043 |a e-cs--- 
044 |a xo  |c SK 
072 7 |a 32  |x Politika  |2 konspekt 
080 |a 321.74  |2 2011 
080 |a (035)  |2 2011 
080 |a 32-028.43  |2 2011 
080 |a 321.7+342.34  |2 2011 
080 |a (437)  |2 2011 
245 0 0 |a Dôsledne a cieľavedome uplatňovať kritiku 
264 1 |a Bratislava  |b Oddelenie propagandy a agitácie Ústredného výboru Komunistickej strany Slovenska  |c 1957 
264 3 |a Bratislava  |b Pravda 
300 |a 29 strán  |c 21 cm 
336 |a text  |b txt  |2 rdacontent 
337 |a bez média  |b n  |2 rdamedia 
338 |a zväzok  |b nc  |2 rdacarrier 
490 1 |a Fakty argumenty  |v 9, 1957, Ročník druhý 
650 0 7 |a socializmus  |2 SNKPH  |9 2151 
650 0 7 |a Socialism  |2 SNKPHeng  |9 283036 
650 0 7 |a kritika politiky  |2 SNKPH  |9 118865 
650 0 7 |a Political criticism  |2 SNKPHeng  |9 120120 
650 0 7 |a demokracia  |2 SNKPH  |9 3564 
650 0 7 |a Democracy  |2 SNKPHeng  |9 3565 
651 7 |a Československo  |2 SNKPHgeo  |9 21376 
651 7 |a Czechoslovakia  |2 SNKPHeng  |9 265183 
655 7 |a príručky  |2 SNKPH  |9 74364 
655 7 |a Handbooks, manuals, etc.  |2 SNKPHeng  |9 90964 
830 0 |a Fakty argumenty  |9 280755 
852 |a Slovenská národná knižnica 
958 |a OND 
999 |c 1123549  |d 1125479 
952 |a SNK  |b SNK  |y PREZ  |7 0  |p 17A0842603  |o snkSC 15255/2/9  |i snkK 815/90  |8 3  |0 0  |1 0  |4 0  |d 2020-06-26  |f 1  |l 0  |r 2025-07-16 00:00:00  |w 2026-02-24